Представление документа в формате MARC21

Поле Инд. ПП Название Значение
Тип записи a
Библиографический уровень m
001 Контрольный номер RU/IS/BASE/306235273
005 Дата корректировки 20140703180304.2
040 a Служба первич. каталог. НБ ТвГУ
b Код языка каталог. rus
e Правила каталог. PSBO
041 0_ a Код языка текста rus
080 a Индекс УДК 930(092)"18"(043.3)
080 a Индекс УДК 1(470)(092)"18"(043.3)
080 a Индекс УДК 929Кавелин
084 a Индекс другой классификации/Индекс ББК Т1(2)52-81я031
a Индекс другой классификации/Индекс ББК Ю3(2)5я031
090 a Полочн. индекс Т1(2)52
x Авторский знак Т 98
100 1_ a Автор Тюлина Анна Владимировна
q Полное имя Тюлина А. В.
245 10 a Заглавие Человек и история в философии К. Д. Кавелина
b Продолж. заглавия дис. ... канд. филос. наук : 09.00.03
c Ответственность Твер. гос. ун-т
260 a Место издания Тверь
c Дата издания 2009
300 a Объем 169 с.
500 a Примечание На правах рукоп.
502 a Примечание о диссертации Дис. (канд.) - Тверской государственный университет, 2009
504 a Библиография Библиогр.: с. 147-169 и в подстроч. примеч.
650 a Основная рубрика Кавелин, Константин Дмитриевич, о нем
650 14 a Основная рубрика Историческая наука
x Основная подрубрика История
650 14 a Основная рубрика Философия
x Основная подрубрика История
y Хронологическая подрубрика 19 в.
z Географическая подрубрика Россия
650 14 a Основная рубрика Русская философия
x Основная подрубрика История
y Хронологическая подрубрика 19 в.
653 a Ключевые слова Историки
a Ключевые слова Исторические науки
a Ключевые слова Историография
a Ключевые слова История философии
a Ключевые слова Кавелин
a Ключевые слова Русская философия
a Ключевые слова Философия
a Ключевые слова Диссертации
a Ключевые слова Персоналии
a Ключевые слова Труды Тверского государственного университета
710 a Организация/ юрисдикция Тверской государственный университет
920 a Оператор Густ
930 a Новая/Ретро персоналии
a Новая/Ретро диссертации
952 c Вид литературы Дис н
954 a Дата поступления на обработку 20090916